Johannis Voet JCti & Antecessoirus In Academia Lugduno-Batava Commentarius and Pandectas (Record no. 2961)

MARC details
000 -LEADER
fixed length control field 00403nam a22001337a 4500
005 - DATE AND TIME OF INPUT
control field 20240830094236.0
008 - DATA ELEMENTS--GENERAL INFORMATION
fixed length control field 240830b |||||||| |||| 00| 0 eng d
041 ## - LANGUAGE CODE
Language code of text French
082 ## - SHELF NUMBER
DDC number 349 JOH
100 ## - MAIN AUTHOR
Language of a work French
245 ## - TITLE STATEMENT
Title Johannis Voet JCti & Antecessoirus In Academia Lugduno-Batava Commentarius and Pandectas
650 ## - SUBJECT`
Broad subject Legal practice
Own subject terms Law
942 ## - ADDED ENTRY ELEMENTS (KOHA)
Item type Books
942 ## - ADDED ENTRY ELEMENTS (KOHA)
-- ALISON_BN_VRIES
Holdings
Source of classification or shelving scheme Not for loan Collection code Home library Current library Shelving location Date acquired Full call number Barcode Price effective from Koha item type
Dewey Decimal Classification   DICTIONARY LAW SOCIETY OF NAMIBIA LIBRARY - WINDHOEK LAW SOCIETY OF NAMIBIA LIBRARY - WINDHOEK DICTIONARY 08/30/2024 349 JOH LSN/2023/4105 08/30/2024 Books
Dewey Decimal Classification   DICTIONARY LAW SOCIETY OF NAMIBIA LIBRARY - WINDHOEK LAW SOCIETY OF NAMIBIA LIBRARY - WINDHOEK DICTIONARY 08/30/2024 349 JOH LSN/2023/4106 08/30/2024 Books